[Event "2015 Standard Chess Dropout Tournament, Round 1"]
[Site "SchemingMind.com"]
[Date "2014.11.08"]
[Round "1"]
[White "Evans9EN"]
[Black "smothered mate"]
[Result "1-0"]
[WhiteCountry "WLS"]
[BlackCountry "POL"]
[WhiteElo "1917"]
[WhiteRD "82"]
[BlackElo "1962"]
[BlackRD "66"]
[GameID "368240"]

1. d4 d5 2. c4 e6 3. Nc3 c5 4. cxd5 exd5 5. Nf3 Nc6 6. g3 c4 7. Bg2 Bb4 8. O-O Nge7 9. e4 O-O 10. exd5 Nxd5
11. Bg5 f6 12. Nxd5 Qxd5 13. Be3 Rd8 14. a3 Ba5 15. Ne5 Qb5 16. a4 Qa6 17. Nxc6 bxc6 18. Qc2 Be6 19. Rac1 Rab8 20. Rfd1 Bd5
21. Bf4 Rb3 22. h4 Qb7 23. Rb1 Qb4 24. Be4 Qxa4 25. Bxh7+ Kh8 26. Bf5 Re8 27. Bg6 Re7 28. Qf5 Qb5 29. Qh5+ Kg8 30. Bd6 Bb4
31. Bxe7 Bxe7 32. Re1 Qb4 33. Qh7+
1-0

[Event "2015 Standard Chess Dropout Tournament, Round 1"]
[Site "SchemingMind.com"]
[Date "2014.11.03"]
[Round "1"]
[White "Faloan"]
[Black "The Capitalist"]
[Result "1-0"]
[WhiteCountry "GER"]
[BlackCountry "USA"]
[WhiteElo "2020"]
[WhiteRD "181"]
[BlackElo "1460"]
[BlackRD "89"]
[GameID "368241"]

1. e4 c5 2. Nc3 Nc6 3. g3 g6 4. Bg2 Bg7 5. d3 d6 6. Be3 Rb8 7. Qd2 Qb6 8. Nd1 e5 9. c3 Nf6 10. Bh6 Bxh6
11. Qxh6 Ng4 12. Qg7 Rf8 13. h3 Nxf2 14. Kxf2 c4+ 15. Ke1 f6 16. Qxh7 cxd3 17. Qxg6+ Kd8 18. Nf3 Be6 19. Qh6 Rf7 20. Qe3 Qxe3+
21. Nxe3 f5 22. Ng5 Re7 23. Nxe6+ Rxe6 24. Nxf5 Kd7 25. Rd1 Ne7 26. Rxd3 Nxf5 27. exf5 Rf6 28. g4 b5 29. Rf1 a5 30. g5 Rff8
31. Bd5 b4 32. c4 a4 33. g6 b3 34. axb3 axb3 35. g7
1-0

[Event "2015 Standard Chess Dropout Tournament, Round 1"]
[Site "SchemingMind.com"]
[Date "2014.11.04"]
[Round "1"]
[White "Fjoskrakk"]
[Black "Ebanon "]
[Result "1-0"]
[WhiteCountry "NOR"]
[BlackCountry "ESP"]
[WhiteElo "2045"]
[WhiteRD "108"]
[BlackElo "2335"]
[BlackRD "83"]
[GameID "368242"]

1. e4 c5 2. Nf3 d6 3. Bb5+ Bd7 4. Bxd7+ Qxd7 5. c4 e5 6. Nc3 g6 7. O-O Ne7 8. d3 Bg7 9. Bd2 O-O 10. Rb1 Nbc6
11. Nd5 f5 12. Bg5 Nxd5 13. cxd5 Nd4 14. Nxd4 exd4 15. b4
1-0

[Event "2015 Standard Chess Dropout Tournament, Round 1"]
[Site "SchemingMind.com"]
[Date "2014.11.06"]
[Round "1"]
[White "flammablepawn"]
[Black "fu_manchu"]
[Result "0-1"]
[WhiteCountry "USA"]
[BlackCountry "CAN"]
[WhiteElo "1828"]
[WhiteRD "91"]
[BlackElo "1822"]
[BlackRD "77"]
[GameID "368243"]

1. b4 e6 2. Bb2 Nf6 3. b5 d5 4. Nf3 Bd7 5. e3 Bd6 6. Be2 a6 7. a4 axb5 8. axb5 Rxa1 9. Bxa1 O-O 10. O-O Be8
11. c4 Nbd7 12. d4 dxc4 13. Bxc4 Nb6 14. Be2 Nbd5 15. Nbd2 Bb4 16. Qb3 Qe7 17. Bb2 c6 18. bxc6 Bxc6 19. Rd1 Ra8 20. Ra1 Rxa1+
21. Bxa1 Qc7 22. Bb2 Bd6 23. g3 Nb6 24. Ne1 Na4 25. Ba3 Bxa3 26. Qxa3 Qa5 27. Qc1 Nc3 28. Bf1 Qd5 29. f3 Nb5 30. Nd3 Qd8
31. Ne5 Nxd4 32. Nxc6 Nxc6
0-1

[Event "2015 Standard Chess Dropout Tournament, Round 1"]
[Site "SchemingMind.com"]
[Date "2014.11.03"]
[Round "1"]
[White "frankly"]
[Black "palberto63"]
[Result "0-1"]
[WhiteCountry "ENG"]
[BlackCountry "CUB"]
[WhiteElo "2395"]
[WhiteRD "63"]
[BlackElo "2213"]
[BlackRD "64"]
[GameID "368244"]

1. d4 Nf6 2. c4 e6 3. Nc3 Bb4 4. Nf3 b6 5. Bf4 O-O 6. e3 Bb7 7. Bd3 Nh5 8. Bg3 Nxg3 9. hxg3 g6 10. Qc2 c5
11. d5 Qf6 12. O-O-O Bxc3 13. Qxc3 Qxc3+ 14. bxc3 Kg7 15. e4 Na6 16. g4 Nc7 17. g5 d6 18. Bc2 Rad8 19. dxe6 Nxe6 20. Rxd6 Rxd6
0-1

[Event "2015 Standard Chess Dropout Tournament, Round 1"]
[Site "SchemingMind.com"]
[Date "2014.11.03"]
[Round "1"]
[White "fu_manchu"]
[Black "Abacist"]
[Result "1-0"]
[WhiteCountry "CAN"]
[BlackCountry "USA"]
[WhiteElo "1803"]
[WhiteRD "74"]
[BlackElo "1558"]
[BlackRD "207"]
[GameID "368245"]

1. d4 d5 2. c4 c6 3. Nf3 Nf6 4. Nc3 e6 5. e3 Be7 6. Bd3 dxc4 7. Bxc4 O-O 8. O-O b5 9. Bd3 a5 10. a3 Qc7
11. Qc2 Bb7 12. Nxb5 Qc8 13. Nc3 c5 14. dxc5 Bxf3 15. gxf3 Qxc5 16. e4 Bd6 17. f4 Qh5 18. f3 Bc5+ 19. Kh1 Qh4 20. e5 Nh5
21. Ne4 Bb6 22. Qg2 Nc6 23. Qg4 Qxg4 24. fxg4 Nxf4 25. Bxf4 Rfd8 26. Nd6 Bc7 27. Bxh7+ Kxh7 28. Nxf7 Re8 29. Rac1 Re7 30. Ng5+ Kg6
31. Rxc6 Bxe5 32. Rxe6+ Rxe6 33. Nxe6 Bxb2 34. a4 Rc8 35. Bd2 Bc3 36. Rc1 Re8 37. Rxc3 Rxe6 38. Re3 Rc6 39. Re4 Kf6 40. h4 Rc5
41. h5 Rd5 42. Be1 g5 43. hxg6 Kxg6 44. Kh2 Kg5 45. Bg3 Kf6 46. Kh3 Rc5 47. Bh4+ Kf7 48. Be7 Rd5 49. Kh4 Kg6 50. g5 Rf5
51. Kg4 Rd5 52. Re6+ Kf7 53. Rd6 Re5 54. Bf6 Rc5 55. Kh5 Rf5 56. Kh6 Rf3 57. g6+ Ke8 58. Rd8#
1-0

[Event "2015 Standard Chess Dropout Tournament, Round 1"]
[Site "SchemingMind.com"]
[Date "2014.11.03"]
[Round "1"]
[White "gabeeg"]
[Black "maro"]
[Result "1-0"]
[WhiteCountry "USA"]
[BlackCountry "MEX"]
[WhiteElo "1993"]
[WhiteRD "101"]
[BlackElo "1499"]
[BlackRD "58"]
[GameID "368246"]

1. d4 d5 2. Nc3 Nf6 3. Bg5 e6 4. Nf3 Be7 5. e3 a6 6. Bd3 h6 7. Bxf6 Bxf6 8. Ne2 Nd7 9. Nf4 O-O 10. Nd2 Re8
11. O-O e5 12. Nxd5 exd4 13. Ne4 dxe3 14. fxe3 Bxb2 15. Rb1 Be5 16. Qh5 g6 17. Qxh6 Bg7 18. Qf4 Ne5 19. Nef6+ Bxf6 20. Nxf6+ Kg7
21. Rbd1 Nxd3 22. Nh5+ gxh5 23. Qxf7+ Kh8 24. Qxh5+
1-0

[Event "2015 Standard Chess Dropout Tournament, Round 1"]
[Site "SchemingMind.com"]
[Date "2014.11.03"]
[Round "1"]
[White "Glenn O'Brien"]
[Black "emvarela"]
[Result "1-0"]
[WhiteCountry "AUS"]
[BlackCountry "ARG"]
[WhiteElo "2058"]
[WhiteRD "78"]
[BlackElo "1695"]
[BlackRD "49"]
[GameID "368247"]

1. e4 e5 2. Nf3 Nc6 3. Bb5 a6 4. Ba4 Nf6 5. O-O Be7 6. Re1 b5 7. Bb3 O-O 8. c3 d5 9. exd5 Nxd5 10. Nxe5 Nxe5
11. Rxe5 c6 12. d4 Bd6 13. Re1 Qh4 14. g3 Qh3 15. Be3 Bg4 16. Qd3 Rae8 17. Nd2 f5 18. Qf1 f4 19. Bxf4 Bxf4 20. gxf4 Qxf1+
21. Nxf1 Rxe1 22. Rxe1 Rxf4 23. Re8+ Rf8 24. Re5 a5 25. Ne3 Bd7 26. Nxd5 cxd5 27. Rxd5
1-0

[Event "2015 Standard Chess Dropout Tournament, Round 1"]
[Site "SchemingMind.com"]
[Date "2014.11.05"]
[Round "1"]
[White "grabapawn"]
[Black "ampp"]
[Result "0-1"]
[WhiteCountry "USA"]
[BlackCountry "POR"]
[WhiteElo "1597"]
[WhiteRD "66"]
[BlackElo "1456"]
[BlackRD "86"]
[GameID "368248"]

1. e4 e5 2. Nf3 Nc6 3. Bc4 h6 4. d4 exd4 5. Nxd4 Nxd4 6. Qxd4 Nf6 7. e5 Ng8 8. Nc3 d6 9. Qd5 Qe7 10. f4 dxe5
11. fxe5 c6 12. Qe4 Be6 13. Bxe6 Qxe6 14. Bf4 Ne7 15. O-O-O Ng6 16. Bg3 Be7 17. Na4 O-O 18. Rd3 f6 19. Re1 Nxe5 20. Bxe5 fxe5
21. Qxe5 Bg5+ 22. Kd1 Qxa2 23. Ra3 Qf7 24. Rf3 Rad8+ 25. Ke2 Qc4+ 26. Kf2 Rxf3+ 27. gxf3 Qxc2+ 28. Re2 Bh4+ 29. Ke3 Qxa4 30. Qe6+ Kh7
31. Qf5+ Kg8 32. Qe6+ Kf8 33. Qf5+ Bf6 34. Qc5+ Kg8 35. Qf5 Qd4#
0-1

[Event "2015 Standard Chess Dropout Tournament, Round 1"]
[Site "SchemingMind.com"]
[Date "2014.11.06"]
[Round "1"]
[White "guyhayton"]
[Black "zygyzag"]
[Result "1-0"]
[WhiteCountry "ENG"]
[BlackCountry "ENG"]
[WhiteElo "1919"]
[WhiteRD "119"]
[BlackElo "2169"]
[BlackRD "99"]
[GameID "368249"]

1. e4 d6 2. d4 f5 3. exf5 Bxf5 4. Nf3 Nf6 5. Nc3 Qd7 6. Bc4 d5 7. Ne5 Qe6 8. Bd3 Nc6 9. O-O Nxe5 10. dxe5 Bxd3
11. Qxd3 Qxe5 12. Qb5+ Kf7 13. Qxb7 e6 14. g3 Be7 15. Bf4 Qd4 16. Bxc7 Rae8 17. Nb5 Qc4 18. Bf4 Ne4 19. Nxa7 Qb4 20. Qxb4 Bxb4
21. Nc6 Bd2 22. f3 g5 23. Be5 Nf6 24. Bd4
1-0

[Event "2015 Standard Chess Dropout Tournament, Round 1"]
[Site "SchemingMind.com"]
[Date "2014.11.03"]
[Round "1"]
[White "Helga1946"]
[Black "pjl1015"]
[Result "1/2-1/2"]
[WhiteCountry "GER"]
[BlackCountry "USA"]
[WhiteElo "2195"]
[WhiteRD "77"]
[BlackElo "2496"]
[BlackRD "109"]
[GameID "368250"]

1. d4 d5 2. c4 e6 3. Nc3 Nf6 4. cxd5 exd5 5. Bg5 Be6 6. e3 Bd6 7. Nge2 Nbd7 8. Nf4 h6 9. Bh4 g5 10. Nxe6 fxe6
11. Bg3 Qe7 12. Bxd6 Qxd6 13. Bd3 O-O-O 14. Nb5 Qb4+ 15. Qd2 Qxd2+ 16. Kxd2 Kb8 17. h4 g4 18. Rac1 c6 19. Nc3 e5 20. Bf5 Rhf8
21. Rhf1 exd4 22. exd4 Ne4+ 23. Bxe4 dxe4 24. Nxe4 Nb6 25. Kd3 Nd5 26. Rg1 Nb4+ 27. Kc4 Nxa2 28. Ra1 Nb4 29. Nc5 Nc2 30. Ne6 Nxa1
31. Rxa1 Rc8 32. Nxf8 Rxf8 33. Rf1 Rf5 34. f4 gxf3 35. Rxf3 Rxf3 36. gxf3 Kc7 37. d5 Kd6 38. dxc6 Kxc6 39. Kd4 Kd6 40. h5 Ke6
41. Kc5 Kf5 42. Kd6 a5 43. Kc7 Kg5 44. Kd6 Kf4 45. Kc7 Kxf3 46. Kxb7 a4 47. Kb6 Kg4 48. Kb5 Kxh5 49. Kxa4 Kg4 50. b4 h5=
1/2-1/2

[Event "2015 Standard Chess Dropout Tournament, Round 1"]
[Site "SchemingMind.com"]
[Date "2014.11.03"]
[Round "1"]
[White "Holty"]
[Black "JPT"]
[Result "1-0"]
[WhiteCountry "ENG"]
[BlackCountry "INT"]
[WhiteElo "1705"]
[WhiteRD "61"]
[BlackElo "1764"]
[BlackRD "96"]
[GameID "368251"]

1. d4 d5 2. Nf3 Nc6 3. e3 Bg4 4. c4 e6 5. Nc3 Nf6 6. h3 Bxf3 7. Qxf3 dxc4 8. Bxc4 a6 9. Bd2 Bd6 10. Ne4 Nxe4
11. Qxe4 O-O 12. a3 Qe7 13. Qg4 Qf6 14. Bc3 Qg6 15. Qxg6 hxg6 16. O-O b5 17. Be2 Ne7 18. e4 c6 19. b4 Bc7 20. Bd2 Rad8
21. Be3 Bb6 22. Rfd1 f6 23. Rac1 Kf7 24. Rd2 e5 25. Rcd1 Rd7 26. dxe5 Rxd2 27. Bxd2 Rd8 28. exf6 gxf6 29. Kf1 c5 30. Be3 Rxd1+
31. Bxd1 cxb4 32. Bxb6 bxa3 33. Bb3+ Ke8 34. Bc5 Nc6 35. Bxa3 Kd7 36. Bb2 Ne5 37. Bxe5 fxe5 38. Ke2 Kd6 39. Kd3 Kc5 40. Kc3 g5
41. g3 a5 42. f3 a4 43. Bxa4
1-0

[Event "2015 Standard Chess Dropout Tournament, Round 1"]
[Site "SchemingMind.com"]
[Date "2014.11.08"]
[Round "1"]
[White "John Hamer"]
[Black "thebirdolux"]
[Result "1/2-1/2"]
[WhiteCountry "ENG"]
[BlackCountry "USA"]
[WhiteElo "2033"]
[WhiteRD "59"]
[BlackElo "2486"]
[BlackRD "92"]
[GameID "368252"]

1. d4 Nf6 2. c4 e6 3. Nf3 b6 4. Nc3 Bb4 5. Bg5 Bb7 6. e3 Qe7 7. Bd3 h6 8. Bf4 Bxc3+ 9. bxc3 d6 10. O-O Nh5
11. Nd2 Nxf4 12. exf4 Nd7 13. Re1 O-O 14. Qg4 Rae8 15. Re3 Nf6 16. Qh3 Qd8 17. a4 c5 18. Nb3 Qc7 19. Qh4 d5 20. dxc5 bxc5
21. Rae1 dxc4 22. Bxc4 Bd5 23. f5 Rb8 24. fxe6 Rxb3 25. Bxb3 Bxb3 26. exf7+= Bxf7 27. h3=
1/2-1/2

[Event "2015 Standard Chess Dropout Tournament, Round 1"]
[Site "SchemingMind.com"]
[Date "2014.11.03"]
[Round "1"]
[White "j4orce"]
[Black "kibic"]
[Result "0-1"]
[WhiteCountry "USA"]
[BlackCountry "INT"]
[WhiteElo "1514"]
[WhiteRD "86"]
[BlackElo "2425"]
[BlackRD "74"]
[GameID "368253"]

1. Nf3 d5 2. d4 c6 3. e3 Nf6 4. h3 Bf5 5. Bd3 e6 6. Nc3 Nbd7 7. a3 Bd6 8. Qe2 O-O 9. e4 dxe4 10. Bxe4 Nxe4
11. Nxe4 Bc7 12. Bg5 f6 13. Bh4 Re8 14. g4 Bf4 15. O-O Bg6 16. Nc5 Nxc5 17. dxc5 Qd5 18. Ne1 Rad8 19. f3 Qd4+ 20. Bf2 Qxb2
21. Rd1 Rxd1 22. Qxd1 Bb8 23. a4 Qe5 24. f4 Qxf4 25. Nf3 e5 26. Re1 e4 27. Re3 exf3 28. Rxf3 Qh2+ 29. Kf1 Qh1+ 30. Bg1 Bxc2
31. Qxc2 Qxf3+ 32. Qf2 Qxh3+
0-1

[Event "2015 Standard Chess Dropout Tournament, Round 1"]
[Site "SchemingMind.com"]
[Date "2014.11.08"]
[Round "1"]
[White "Jari Laine"]
[Black "paulby"]
[Result "1-0"]
[WhiteCountry "FIN"]
[BlackCountry "ENG"]
[WhiteElo "2461"]
[WhiteRD "84"]
[BlackElo "1598"]
[BlackRD "84"]
[GameID "368254"]

1. d4 d5 2. Nf3 Nf6 3. c4 e6 4. Nc3 Be7 5. Bf4 O-O 6. e3 c5 7. dxc5 Bxc5 8. a3 Nc6 9. Qc2 Qa5 10. Rd1 Bb6
11. Be2 Bd7 12. Nd2 Qa6 13. c5 Qa5 14. Nb3 Qxc3+ 15. Qxc3
1-0

[Event "2015 Standard Chess Dropout Tournament, Round 1"]
[Site "SchemingMind.com"]
[Date "2014.11.04"]
[Round "1"]
[White "James Reed"]
[Black "Joe P"]
[Result "0-1"]
[WhiteCountry "ENG"]
[BlackCountry "AUS"]
[WhiteElo "1351"]
[WhiteRD "75"]
[BlackElo "1800"]
[BlackRD "82"]
[GameID "368255"]

1. e4 c5 2. Nf3 Nc6 3. d4 cxd4 4. Nxd4 e5 5. Nxc6 bxc6 6. Bc4 Nf6 7. Bg5 h6 8. Bh4 Qb6 9. h3 Be7 10. Bxf6 Bxf6
11. b3 O-O 12. O-O Rd8 13. Nc3 d6 14. Re1 Bb7 15. Na4 Qc7 16. b4 Rab8 17. Nc3 Qb6 18. a3 d5 19. Bd3 c5 20. exd5 e4
21. Rxe4 Bxc3 22. Rb1 Bxd5 23. Re3 Ba2 24. Rc1 Bb2 25. Re1 Bxc1 26. Qxc1 cxb4 27. axb4 Qxb4 28. Rd1 Qb1 29. Qd2 Qxd1+ 30. Qxd1 Rb1
31. Qxb1 Bxb1 32. Kf1 Re8 33. f3 a5
0-1

[Event "2015 Standard Chess Dropout Tournament, Round 1"]
[Site "SchemingMind.com"]
[Date "2014.11.08"]
[Round "1"]
[White "JimM"]
[Black "wojowhiskey"]
[Result "1-0"]
[WhiteCountry "USA"]
[BlackCountry "USA"]
[WhiteElo "1737"]
[WhiteRD "90"]
[BlackElo "1659"]
[BlackRD "80"]
[GameID "368256"]

1. e4 c5 2. Nf3 d6 3. d4 cxd4 4. Nxd4 Nf6 5. Nc3 g6 6. Bc4 e6 7. Ndb5 a6 8. Nd4 Bg7 9. Nf3 O-O 10. Bg5 Qc7
11. Bd3 b5 12. O-O Bb7 13. Bf4 e5 14. Be3 Nbd7 15. Ng5 Rad8 16. f4 exf4 17. Bxf4 Ne5 18. Rc1 Rfe8 19. Re1 Nfg4 20. Qd2 Nc4
21. Qe2 Bd4+ 22. Kf1 h5 23. Bxc4 bxc4 24. h3 Nf2 25. Qf3 Qb6 26. Be3 Nh1 27. Qxf7+ Kh8 28. Qh7#
1-0

[Event "2015 Standard Chess Dropout Tournament, Round 1"]
[Site "SchemingMind.com"]
[Date "2014.11.04"]
[Round "1"]
[White "JMD"]
[Black "Lanaroon"]
[Result "0-1"]
[WhiteCountry "GBR"]
[BlackCountry "ENG"]
[WhiteElo "1612"]
[WhiteRD "94"]
[BlackElo "1474"]
[BlackRD "96"]
[GameID "368257"]

1. e4 e5 2. Nf3 Nc6 3. Bb5 a6 4. Bxc6 bxc6 5. d4 exd4 6. Qxd4 c5 7. Qd5 c6 8. Qe5+ Qe7 9. Qxe7+ Bxe7 10. c4 h6
11. h4 Nf6 12. Nc3 O-O 13. Be3 a5 14. a4 Ba6 15. b3 d5 16. Ne5 d4 17. Nxc6 dxc3 18. Nxe7+ Kh7 19. Nd5 Nxe4 20. O-O Bb7
21. Nf4 Nd2 22. Bxd2 cxd2 23. Ra2 Rad8 24. Rd1 Rd4 25. g3 Rfd8 26. Ng2 Bf3 27. Ne3 Bxd1 28. Nxd1 Rd3 29. Kf1 Rxb3 30. Ke2 Rd4
31. Rxd2 Rxc4 32. Nb2 Re4+ 33. Kd1 c4 34. Kc2 c3 35. Kxb3 cxd2 36. Kc2 Rb4 37. Nd1 Rxa4 38. Kxd2 Rd4+ 39. Kc2 a4 40. Nc3 a3
41. Na2 g5 42. h5 f5 43. Kc3 Rg4 44. Kb3 f4 45. Kxa3 fxg3 46. fxg3 Rxg3+ 47. Kb4 Rh3
0-1

[Event "2015 Standard Chess Dropout Tournament, Round 1"]
[Site "SchemingMind.com"]
[Date "2014.11.03"]
[Round "1"]
[White "johanrientsop"]
[Black "John Elburg"]
[Result "0-1"]
[WhiteCountry "NED"]
[BlackCountry "NED"]
[WhiteElo "1891"]
[WhiteRD "73"]
[BlackElo "2554"]
[BlackRD "100"]
[GameID "368259"]

1. e4 e5 2. f4 exf4 3. Nf3 g5 4. h4 g4 5. Ne5 Nf6 6. Bc4 d5 7. exd5 Bd6 8. d4 Nh5 9. O-O O-O 10. Nc3 Qxh4
11. Qe1 g3 12. Nf3 Qd8 13. Ne2 Re8 14. Qc3 Bg4 15. Ne5 Rxe5 16. dxe5 Bc5+ 17. Nd4 Qh4 18. Rf3 Bxd4+
0-1

[Event "2015 Standard Chess Dropout Tournament, Round 1"]
[Site "SchemingMind.com"]
[Date "2014.11.07"]
[Round "1"]
[White "John Galvin"]
[Black "Stephen Woodhouse"]
[Result "1-0"]
[WhiteCountry "USA"]
[BlackCountry "ENG"]
[WhiteElo "2382"]
[WhiteRD "86"]
[BlackElo "1883"]
[BlackRD "48"]
[GameID "368260"]

1. e4 e6 2. d4 d5 3. Nd2 c5 4. Ngf3 cxd4 5. Nxd4 Nc6 6. Bb5 Bd7 7. Bxc6 Bxc6 8. c4 dxe4 9. Nxc6 bxc6 10. Nxe4 Qxd1+
11. Kxd1 Be7 12. Ke2 Nf6 13. Nxf6+ Bxf6 14. Rd1 Ke7 15. Rb1 Rhd8 16. Be3 a6 17. b4 Rxd1 18. Rxd1 Rd8 19. Bc5+ Ke8 20. Rxd8+ Kxd8
21. Kd3 Kd7 22. f4 g6 23. Ke4 Bc3 24. a4 f5+ 25. Kd3 Bf6= 26. Bd4 Be7 27. Bc3 Bd6 28. g3 Kc7 29. c5 Be7 30. Bd4 Kb7
31. h4 h5 32. Be5 Bd8 33. Kd4 Be7 34. Bg7 Kc7 35. Ke5 Kd7 36. Bh6 a5 37. bxa5 Bxc5 38. Kf6 Bf2 39. Kxg6 Bxg3 40. Kxh5 c5
41. a6 Kc8 42. Kg5 c4 43. Bg7 Be1 44. h5 c3 45. h6 c2 46. h7 c1=Q 47. h8=Q+ Kd7 48. Be5 Qc8 49. a7
1-0

[Event "2015 Standard Chess Dropout Tournament, Round 1"]
[Site "SchemingMind.com"]
[Date "2014.11.03"]
[Round "1"]
[White "jpetric"]
[Black "Uzi Mike"]
[Result "1-0"]
[WhiteCountry "USA"]
[BlackCountry "USA"]
[WhiteElo "1521"]
[WhiteRD "71"]
[BlackElo "2019"]
[BlackRD "105"]
[GameID "368261"]

1. e4 e5 2. Nf3 Nc6 3. Bc4 Bc5 4. c3 Nf6 5. d3 O-O 6. Bg5 h6 7. Bh4 Be7 8. Qe2 d6 9. O-O Bd7 10. b4 Nh5
11. g3 g5 12. Nxg5 hxg5 13. Qxh5 Kg7 14. f4 gxh4 15. f5 Bg5 16. Na3 Qf6 17. gxh4 Be3+ 18. Kh1 Rh8 19. Qg4+ Kf8 20. Nb5
1-0

[Event "2015 Standard Chess Dropout Tournament, Round 1"]
[Site "SchemingMind.com"]
[Date "2014.11.03"]
[Round "1"]
[White "JPT"]
[Black "frankly"]
[Result "0-1"]
[WhiteCountry "INT"]
[BlackCountry "ENG"]
[WhiteElo "1772"]
[WhiteRD "99"]
[BlackElo "2395"]
[BlackRD "63"]
[GameID "368262"]

1. e4 c5 2. h3 Nc6 3. Nf3 e5 4. c3 Nf6 5. Bd3 d5 6. exd5 Qxd5 7. Bc2 e4 8. Qe2 Be6 9. Ng1 O-O-O 10. Na3 Ne5
11. f3 Nd3+ 12. Bxd3 exd3 13. Qf2 Bd6 14. b3 Nh5 15. Kd1 Bg3 16. Qe3 Qxb3+ 17. axb3 Bxb3+
0-1

[Event "2015 Standard Chess Dropout Tournament, Round 1"]
[Site "SchemingMind.com"]
[Date "2014.11.08"]
[Round "1"]
[White "An old friend"]
[Black "MichaelG"]
[Result "1-0"]
[WhiteCountry "ENG"]
[BlackCountry "GER"]
[WhiteElo "2125"]
[WhiteRD "135"]
[BlackElo "1840"]
[BlackRD "85"]
[GameID "368263"]

1. e4 c5 2. d4 cxd4 3. c3 dxc3 4. Nxc3 Nc6 5. Nf3 d6 6. Bc4 a6 7. O-O Nf6 8. Bf4 Bg4 9. h3 Bxf3 10. Qxf3 e6
11. Rfd1 Qb8 12. Be2 Ne5 13. Qg3 Ng6 14. Bxd6 Bxd6 15. Qxd6 Qxd6 16. Rxd6 b5 17. a3 O-O 18. Rad1 h6 19. f3 Rfc8 20. Na2 Rc2
21. R1d2 Rxd2 22. Rxd2 Rc8 23. Kf2 Nf4 24. Bf1 Kf8 25. g3 Ng6 26. Be2 Ke7 27. Ke3 Ne8 28. f4 e5 29. f5 Nf8 30. Nb4 Nc7
31. Nc6+ Ke8 32. Nxe5 f6 33. Bh5+
1-0

[Event "2015 Standard Chess Dropout Tournament, Round 1"]
[Site "SchemingMind.com"]
[Date "2014.11.06"]
[Round "1"]
[White "fouche"]
[Black "berns"]
[Result "1-0"]
[WhiteCountry "COL"]
[BlackCountry "ENG"]
[WhiteElo "1600"]
[WhiteRD "57"]
[BlackElo "1651"]
[BlackRD "76"]
[GameID "368264"]

1. d4 Nf6 2. Nf3 g6 3. e3 Bg7 4. Bd3 d5 5. O-O Nc6 6. a3 Bg4 7. Nbd2 O-O 8. Re1 Qd6 9. c3 e6 10. e4 dxe4
11. Nxe4 Nxe4 12. Bxe4 f5 13. Bc2 a6 14. h3 Bxf3 15. Qxf3 b5 16. Bf4 Qd7 17. Rad1 Rfe8 18. d5 exd5 19. Rxe8+ Rxe8 20. Rxd5 Qe6
21. Bb3 Qe1+ 22. Kh2 Kh8 23. Rd1 Qe7 24. Qxc6 Be5 25. Bxe5+ Qxe5+ 26. Kg1 Qe2 27. Qf6#
1-0

[Event "2015 Standard Chess Dropout Tournament, Round 1"]
[Site "SchemingMind.com"]
[Date "2014.11.07"]
[Round "1"]
[White "kazaki"]
[Black "Pancserka"]
[Result "0-1"]
[WhiteCountry "POL"]
[BlackCountry "HUN"]
[WhiteElo "1910"]
[WhiteRD "103"]
[BlackElo "2125"]
[BlackRD "144"]
[GameID "368265"]

1. d4 Nf6 2. c4 e6 3. Nc3 Bb4 4. Nf3 c5 5. Bg5 cxd4 6. Nxd4 Nc6 7. Nxc6 bxc6 8. e3 O-O 9. Bd3 h6 10. Bh4 a5
11. O-O Ba6 12. Ne4 Be7 13. Bxf6 Bxf6 14. Nxf6+ Qxf6 15. Qd2 d5 16. b3 a4 17. Rab1 Rfd8 18. Qc2 axb3 19. axb3 Bb7 20. c5 Ra3
21. Rfd1 Rda8 22. Qb2 Qxb2 23. Rxb2 Kf8 24. Kf1 Ke7 25. b4 Rc3 26. Ke1 e5 27. Kd2 Raa3 28. Bc2 Ba6 29. Rbb1 Bc4 30. Ra1 Ke6
31. Rxa3 Rxa3 32. h4 Bb3 33. Rb1 Bxc2 34. Kxc2 d4 35. e4 f5 36. exf5+ Kxf5 37. Kb2 Rc3 38. Rc1 Rxc1 39. Kxc1 Ke6 40. h5 Kd5
41. f3 Kc4 42. b5 Kxc5 43. bxc6 Kxc6 44. Kc2 Kb5 45. Kd3 Kc5 46. Kd2 Kc4 47. g3 d3 48. f4 exf4 49. gxf4 Kd4 50. f5 Ke4
51. Kd1 Kxf5 52. Kd2 Kg5 53. Kxd3 Kxh5 54. Ke3 Kg4 55. Kf2 g5 56. Kg2 h5 57. Kh2 Kf3 58. Kh3 g4+ 59. Kh2 Kf2 60. Kh1 h4
61. Kh2 g3+ 62. Kh1 g2+
0-1

[Event "2015 Standard Chess Dropout Tournament, Round 1"]
[Site "SchemingMind.com"]
[Date "2014.11.03"]
[Round "1"]
[White "kenneth m day"]
[Black "j4orce"]
[Result "1-0"]
[WhiteCountry "USA"]
[BlackCountry "USA"]
[WhiteElo "1712"]
[WhiteRD "48"]
[BlackElo "1541"]
[BlackRD "86"]
[GameID "368266"]

1. e4 e5 2. f4 exf4 3. Nf3 d6 4. d4 Qf6 5. Bc4 Be6 6. Bxe6 fxe6 7. Nc3 a6 8. Qe2 Nd7 9. O-O Ne7 10. Bd2 g5
11. e5 Qf5 12. Qe4 d5 13. Qxf5 exf5 14. Nxg5 h6 15. Ne6 Rc8 16. Rxf4 Nb6 17. Raf1 Nd7 18. Ne2 b6 19. Ng3 c5 20. Nxf5 Nxf5
21. Rxf5 cxd4 22. Nxd4 Bc5 23. c3 Nf8 24. Kh1 Bxd4 25. cxd4 Ne6 26. Bc3 Rc7 27. Rf6 Re7 28. Bb4 Rc7 29. Rxe6+ Kd8 30. Rxb6
1-0

[Event "2015 Standard Chess Dropout Tournament, Round 1"]
[Site "SchemingMind.com"]
[Date "2014.11.03"]
[Round "1"]
[White "kibic"]
[Black "Sir Osis of the Liver"]
[Result "1-0"]
[WhiteCountry "INT"]
[BlackCountry "ENG"]
[WhiteElo "2425"]
[WhiteRD "74"]
[BlackElo "1613"]
[BlackRD "87"]
[GameID "368267"]

1. d4 d5 2. Nf3 e6 3. g3 Nf6 4. Bg2 Bd6 5. Nc3 h6 6. O-O O-O 7. Ne5 c5 8. e4 cxd4 9. Qxd4 Nc6 10. Nxc6 bxc6
11. exd5 e5 12. Qe3 cxd5 13. Nxd5 Nxd5 14. Bxd5 Kh8 15. Bxa8 Ba6 16. Rd1 Qxa8 17. Rxd6 Bb7 18. Rxh6+ Kg8 19. Rd6 Bh1 20. f3 Bxf3
21. b3 Bh1 22. Qd2 Bf3 23. Ba3 Re8 24. Rf1 Bg4 25. Qd5 Qc8 26. Qxf7+ Kh8 27. Rh6+ gxh6 28. Rf6 Re6 29. Bf8
1-0

[Event "2015 Standard Chess Dropout Tournament, Round 1"]
[Site "SchemingMind.com"]
[Date "2014.11.05"]
[Round "1"]
[White "Kid A"]
[Black "JimM"]
[Result "1-0"]
[WhiteCountry "FIN"]
[BlackCountry "USA"]
[WhiteElo "1954"]
[WhiteRD "73"]
[BlackElo "1737"]
[BlackRD "90"]
[GameID "368268"]

1. e4 e5 2. Nf3 Nc6 3. Bc4 Nf6 4. Nc3 Nxe4 5. Nxe4 d5 6. Bd3 dxe4 7. Bxe4 Bd6 8. d4 exd4 9. O-O Ne5 10. Nxd4 Ng4
11. h3 Nf6 12. Re1 O-O 13. Bf3 Bc5 14. Be3 Bd6 15. c4 c5 16. Nb5 a6 17. Nxd6 Rb8 18. Bxc5 b6 19. Be3 Be6 20. b3 Qc7
21. Ne4 Rfd8 22. Nxf6+ gxf6 23. Qc2 Qe5 24. Bh6
1-0